000
00271nam a2200109Ia 4500
008
190216s9999||||xx |||||||||||||| ||und||
100
_a
Morris E Hurley
245
0
_a
Business Administration
260
_b
Prentice Hall Of India Pvt Ltd
_c
1968
300
_a
475p
942
_c
BK
999
_c
3895
_d
3895